Normal view
MARC view
- Ao, Sio-Iong
Entry Personal Name
001 - CONTROL NUMBER
- control field: 82125
003 - CONTROL NUMBER IDENTIFIER
- control field: NUST
005 - DATE AND TIME OF LATEST TRANSACTION
- control field: 20210903121137.0
008 - FIXED-LENGTH DATA ELEMENTS
- fixed length control field: 210903|| aca||aabn | a|a d
040 ## - CATALOGING SOURCE
- Original cataloging agency: NUST
- Transcribing agency: NUST
100 ## - HEADING--PERSONAL NAME
- Personal name: Ao, Sio-Iong
670 ## - SOURCE DATA FOUND
- Source citation: Work cat.: (NUST)32953: Castillo, Oscar 81821, Intelligent automation and computer engineering /, c2010.
